Jainism (Record no. 648669)

MARC details
000 -LEADER
fixed length control field 00655nam a2200241Ia 4500
003 - CONTROL NUMBER IDENTIFIER
control field OSt
005 - DATE AND TIME OF LATEST TRANSACTION
control field 20220926030107.0
008 - FIXED-LENGTH DATA ELEMENTS--GENERAL INFORMATION
fixed length control field 220923b |||||||| |||| 00| 0 eng d
037 ## - SOURCE OF ACQUISITION
Terms of availability General Book
040 ## - CATALOGING SOURCE
Original cataloging agency RTL
Transcribing agency RTL
Language of cataloging eng
041 ## - LANGUAGE CODE
Source of code eng
Language code of text/sound track or separate title eng
100 ## - MAIN ENTRY--PERSONAL NAME
Personal name Talib Gurbachan Singh Ed.
245 #0 - TITLE STATEMENT
Title Jainism
260 ## - PUBLICATION, DISTRIBUTION, ETC.
Place of publication, distribution, etc. Patiala
Name of publisher, distributor, etc. Punjabi University
Date of publication, distribution, etc. 1975
300 ## - PHYSICAL DESCRIPTION
Extent vi,115p
Dimensions cm.
500 ## - GENERAL NOTE
General note Bhagvan Mahavira 2500th Anniversary Volume
650 ## - SUBJECT ADDED ENTRY--TOPICAL TERM
Topical term or geographic name entry element Jainism
942 ## - ADDED ENTRY ELEMENTS (KOHA)
Classification part Q3z7, L5
Koha item type General Books
Source of classification or shelving scheme Colon Classification (CC)
Holdings
Withdrawn status Lost status Damaged status Not for loan Home library Current library Date acquired Total Checkouts Full call number Barcode Date last seen Price effective from Koha item type
        Ratan Tata Library Ratan Tata Library 2022-09-26   Q3z7 L5 RT0489720 2022-09-26 2022-09-26 General Books
Copyright @ Delhi University Library System